Estatísticas para Os 15 principais países com mortes por Covid19 - 26 de maio

Clique aqui para jogar o quiz

Estatísticas Gerais

  • Esse quiz foi jogado 3 vezes
  • A pontuação média é 14 de 21

Estatísticas das Respostas

país% Correto
Canadá
100%
China
100%
Estados Unidos
100%
Índia
100%
Itália
100%
México
100%
Alemanha
67%
Bélgica
67%
Brasil
67%
Espanha
67%
França
67%
Irlanda
67%
Países Baixos
67%
Portugal
67%
Reino Unido
67%
Suécia
67%
Equador
33%
Irão
33%
Peru
33%
Suíça
33%
Turquia
33%

Distribuição das Pontuações

Percentil de Números Respondidos

Porcentagem de Pessoas com Cada Pontuação

Sua Pontuação Histórica

Você não jogou esse quiz